Anthropology and development

Αποθηκεύτηκε σε:
Λεπτομέρειες βιβλιογραφικής εγγραφής
Κύριος συγγραφέας: Mair, Lucy, 1901-1986
Μορφή: Βιβλίο
Γλώσσα:English
Δημοσίευση: London : Macmillan, 1984
Θέματα:
Ετικέτες: Προσθήκη ετικέτας
Δεν υπάρχουν, Καταχωρήστε ετικέτα πρώτοι!

MARC

LEADER 00000cam a2200000 i 4500
001 1/2328
008 000427s1984 eng d
020 |a 0-333-36371-X 
035 |l 10060373 
040 |a GR-MY-UA  |b gre  |e aacr 
041 0 |a eng 
082 0 |a 306.30917 
100 1 |a Mair, Lucy,   |d 1901-1986. 
245 1 0 |a Anthropology and development /  |c Lucy Mair 
260 |a London :   |b Macmillan,   |c 1984 
300 |a vii, 146 p.;  |c 23 cm. 
500 |a Includes index 
504 |a Bibliography: p. 136-139 
650 0 0 |a Economic development  |x Social aspects  |z Developing countries. 
650 0 0 |a Ethnology  |z Developing countries. 
650 0 0 |a Applied anthropology. 
852 |a INST  |b LESVOS  |e 20000427  |h 306.3091724 MAI  |p 005100021083  |q 005100021083  |t BK  |y 0 
901 |a BIBL1-2000-2 
909 |a Λ  |b 034324 
970 |z 2000/04/ΜΙΧΑΗΛΙΔΟΥ ΑΝΝΑ